000 01017cam a2200253 a 4500
999 _c59825
_d59825
001 16214400
005 20230425115358.0
008 100503s2017 enka b 001 0 eng
020 _a9781305271531x
041 _aeng
080 _a616.8-085.851 T-24
100 1 _aTeyber, Edward.
_917774
245 1 0 _aInterpersonal process in therapy :
_ban integrative model /
_cEdward Teyber, Faith Holmes McClure.
250 _aseventh Edition
264 _aAustralia:
_bCengage,
_c2017.
300 _a408 p. :
_bill. ;
_c24 cm.
653 _aმედიცინა
653 _aფსიქოტერაპია
700 1 _aMcClure, Faith H.
_eავტორი
_917775
856 4 2 _3Contributor biographical information
_uhttp://www.loc.gov/catdir/enhancements/fy1303/2010928004-b.html
856 4 2 _3Publisher description
_uhttp://www.loc.gov/catdir/enhancements/fy1303/2010928004-d.html
856 4 1 _3Table of contents only
_uhttp://www.loc.gov/catdir/enhancements/fy1303/2010928004-t.html
942 _2udc
_cBK